| 000 | 00645cab a2200253 4500 | ||
|---|---|---|---|
| 001 | X1114 | ||
| 008 | 090401t1993 xxu||||| |||| 00| 0 eng d | ||
| 035 | _a(Sirsi) u14754 | ||
| 041 | _aeng | ||
| 245 | _aAgricultural building | ||
| 260 | _c1993 | ||
| 350 | _a0 | ||
| 490 |
_aCS Monthly : Rural Practice _v3(2) October 1993, 6(1) |
||
| 520 | _aRochford DC v Brooks | ||
| 650 | _aAGRICULTURAL BUILDINGS | ||
| 650 | _aARTIFICIAL LAKES | ||
| 650 | _aENFORCEMENT NOTICES | ||
| 650 | _aFISH FARM | ||
| 650 | _aGREEN BELT | ||
| 650 | _aPERMITTED DEVELOPMENTS | ||
| 690 | _aPLANNING LAW AND PRACTICE | ||
| 942 | _n0 | ||
| 948 | _c04/03/1997 | ||
| 999 |
_c9629 _d9629 |
||